|
|
|
|
| LEADER |
00000cam a22000004a 4500 |
| 001 |
musev2_57591 |
| 003 |
MdBmJHUP |
| 005 |
20230905045917.0 |
| 006 |
m o d |
| 007 |
cr||||||||nn|n |
| 008 |
151104s2015 nyu o 00 0 eng d |
| 020 |
|
|
|a 9781501701726
|
| 020 |
|
|
|z 9780801454158
|
| 020 |
|
|
|z 9780801456930
|
| 020 |
|
|
|z 9781501701719
|
| 035 |
|
|
|a (OCoLC)1080549691
|
| 040 |
|
|
|a MdBmJHUP
|c MdBmJHUP
|
| 100 |
1 |
|
|a Swider, Sarah Christine,
|e author.
|
| 245 |
1 |
0 |
|a Building China :
|b Informal Work and the New Precariat /
|c Sarah Swider.
|
| 264 |
|
1 |
|a Ithaca :
|b ILR Press, an imprint of Cornell University Press,
|c 2015.
|
| 264 |
|
3 |
|a Baltimore, Md. :
|b Project MUSE,
|c 2019
|
| 264 |
|
4 |
|c ©2015.
|
| 300 |
|
|
|a 1 online resource (216 pages).
|
| 336 |
|
|
|a text
|b txt
|2 rdacontent
|
| 337 |
|
|
|a computer
|b c
|2 rdamedia
|
| 338 |
|
|
|a online resource
|b cr
|2 rdacarrier
|
| 505 |
0 |
|
|a Building China and the making of a new working class -- The hukou system, migration and the construction industry -- Mediated employment : a city of walls -- Embedded employment : a city of 232 villages -- Individual employment : a city of violence -- Protest and organizing among informal workers under restrictive regimes -- Informal precarious workers, protests and precarious authoritarianism.
|
| 520 |
|
|
|a Roughly 260 million workers in China have participated in a mass migration of peasants moving into the cities, and construction workers account for almost half of them. In Building China, Sarah Swider draws on her research in Beijing, Guangzhou, and Shanghai between 2004 and 2012, including living in an enclave, working on construction jobsites, and interviews with eighty-three migrants, managers, and labor contractors. This ethnography focuses on the lives, work, family, and social relations of construction workers. It adds to our understanding of China's new working class, the deepening rural-urban divide, and the growing number of undocumented migrants working outside the protection of labor laws and regulation. Swider shows how these migrants members of the global "precariat, " an emergent social force based on vulnerability, insecurity, and uncertainty are changing China's class structure and what this means for the prospects for an independent labor movement.--
|c Provided by Publisher
|
| 588 |
|
|
|a Description based on print version record.
|
| 650 |
|
7 |
|a Saisonarbeiter
|2 gnd
|
| 650 |
|
7 |
|a Bauwirtschaft
|2 gnd
|
| 650 |
|
7 |
|a Migration
|2 gnd
|
| 650 |
|
7 |
|a Arbeitnehmer
|2 gnd
|
| 650 |
|
7 |
|a Migrant labor.
|2 fast
|0 (OCoLC)fst01020711
|
| 650 |
|
7 |
|a Labor movement.
|2 fast
|0 (OCoLC)fst00990079
|
| 650 |
|
7 |
|a Informal sector (Economics)
|2 fast
|0 (OCoLC)fst00972518
|
| 650 |
|
7 |
|a Construction workers.
|2 fast
|0 (OCoLC)fst00876155
|
| 650 |
|
7 |
|a Construction industry.
|2 fast
|0 (OCoLC)fst00875964
|
| 650 |
|
7 |
|a SOCIAL SCIENCE
|x Sociology
|x General.
|2 bisacsh
|
| 650 |
|
7 |
|a POLITICAL SCIENCE
|x Labor & Industrial Relations.
|2 bisacsh
|
| 650 |
|
7 |
|a BUSINESS & ECONOMICS
|x Labor.
|2 bisacsh
|
| 650 |
|
6 |
|a Mouvement ouvrier
|z Chine.
|
| 650 |
|
6 |
|a Travailleurs migrants
|z Chine.
|
| 650 |
|
6 |
|a Secteur informel (Économie politique)
|z Chine.
|
| 650 |
|
6 |
|a Construction
|x Industrie
|z Chine.
|
| 650 |
|
6 |
|a Ouvriers de la construction
|z Chine.
|
| 650 |
|
0 |
|a Labor movement
|z China.
|
| 650 |
|
0 |
|a Migrant labor
|z China.
|
| 650 |
|
0 |
|a Informal sector (Economics)
|z China.
|
| 650 |
|
0 |
|a Construction industry
|z China.
|
| 650 |
|
0 |
|a Construction workers
|z China.
|
| 651 |
|
7 |
|a China
|2 gnd
|
| 651 |
|
7 |
|a China.
|2 fast
|0 (OCoLC)fst01206073
|
| 655 |
|
7 |
|a Electronic books.
|2 local
|
| 710 |
2 |
|
|a Project Muse.
|e distributor
|
| 830 |
|
0 |
|a Book collections on Project MUSE.
|
| 856 |
4 |
0 |
|z Texto completo
|u https://projectmuse.uam.elogim.com/book/57591/
|
| 945 |
|
|
|a Project MUSE - Custom Collection
|
| 945 |
|
|
|a Project MUSE - Archive Complete Supplement VII
|
| 945 |
|
|
|a Project MUSE - Archive Political Science and Policy Studies Supplement VII
|
| 945 |
|
|
|a Project MUSE - Archive Asian and Pacific Studies Supplement VI
|